000 00453nam a2200181Ia 4500
005 20240823055329.0
008 240823s9999||||xx |||||||||||||| ||und||
041 _aENGLISH
082 _A658.5 Q7
100 _aAjay Shrivastava
245 0 _aIndustrial Engineering
250 _a1st
260 _c2017
_bVenus Books Publishers & Distrib
500 _aYES
650 _aIndustrial Engineering
_bManagement Studies
942 _cBK
999 _c228536
_d228536